000 01770nam a2200301Ia 4500
999 _c41618
_d41618
001 8287
003 GE_BSU
005 20240424145307.0
008 181216s2010||||ge |||||||||||||| ||geo||
020 _a9789941416606
040 _cGE_BSU
041 _ageo
080 _a14+316+321.01 შ–77
100 _aშმიტი, კარლ
_96917
245 _aხმელეთი და ზღვა :
_bმსოფლიო–ისტორიული განაზრება /
_cკარლ შმიტი ; გერმ. თარგმნა გიორგი თავაძემ.
250 _a[I-ლი ქართ. გამოც.]
264 _aთბილისი :
_bნეკერი,
_c2010.
300 _a180 გვ. ;
_c14 სმ.
490 _aსამეცნიერო სერია ფილოსოფია-სოციოლოგიის კლასიკური და თანამედროვე ტექსტები : თარგმანები, 1987-9660 / სერიის დამფუძნებელი და მთ. რედ. თენგიზ ირემაძე.
_vტ. 3.
500 _aშენიშვნვნა : გვ. 153-170
500 _aსაძიებლები : გვ. 171-178
541 _h25ლ.
653 _aმსოფლიო–ისტორიული განაზრება
653 _aხმელეთი და ზღვა
700 _aთავაძე, გიორგი
_eმთარგმნელი
_92230
710 _a[გრიგოლ რობაქიძის სახ. უნ-ტის ფილოს. და სოციალ. მეცნ. კვლევ. ინ-ტი]
_921917
942 _cBK
_2udc